Regionálne disparity na Slovensku
Súborom prvkov, ktoré región definujú (vymedzujú), hovoríme regionálne disparity (všeobecne súhrn znakov, ktorými sa javy a veci odlišujú). K základným atribútom (znakom) regionálnych disparít patrí ich výskyt (teritorialita), merateľnosť a časovosť. V príspevku boli priamo alebo nepriamo potvrdené...
Gespeichert in:
| 1. Verfasser: | |
|---|---|
| Format: | Buchkapitel |
| Sprache: | Slowakisch |
| Schlagworte: | |
| Tags: |
Keine Tags, Fügen Sie das erste Tag hinzu!
|
MARC
| LEADER | 00000nla a2200000 4500 | ||
|---|---|---|---|
| 001 | 0231075 | ||
| 005 | 20240417075120.4 | ||
| 041 | 0 | |a slo | |
| 044 | |a SK | ||
| 245 | 1 | 0 | |a Regionálne disparity na Slovensku |c Denisa Jánošová |
| 520 | |a Súborom prvkov, ktoré región definujú (vymedzujú), hovoríme regionálne disparity (všeobecne súhrn znakov, ktorými sa javy a veci odlišujú). K základným atribútom (znakom) regionálnych disparít patrí ich výskyt (teritorialita), merateľnosť a časovosť. V príspevku boli priamo alebo nepriamo potvrdené zistenia viacerých predchádzajúcich štúdií hodnotiacich vývoj regionálnej štruktúry Slovenska. Charakteristickou črtou sociálno - ekonomického rozvoja Slovenska po roku 1989 je vysoký stupeň regionálnej diferenciácie, čo sa v konečnom dôsledku premieta do "etablovania" zaostávajúcich regiónov. Ďalej, všeobecne akceptovanou skutočnosťou je zistenie, že rozvoj regiónov ovplyvňuje celý rad faktorov a procesov, ktorých mieru vplyvu je v ich vzájomnom spolupôsobení určiť veľmi ťažko. | ||
| 610 | 2 | 0 | |a regióny |
| 610 | 2 | 0 | |a Slovensko |
| 610 | 2 | 0 | |a disparita |
| 100 | 1 | |a Jánošová, Denisa | |